AN INTRODUCTION TO DIFFERENTIAL CALCULUS (Part-1) (Record no. 19891)
[ view plain ]
| 000 -LEADER | |
|---|---|
| fixed length control field | 00550cam a2200205ua 4500 |
| 008 - FIXED-LENGTH DATA ELEMENTS--GENERAL INFORMATION | |
| fixed length control field | 140103n2013 II |||gr||||Z||||||eng |
| 040 ## - CATALOGING SOURCE | |
| Original cataloging agency | MAIN |
| 041 ## - LANGUAGE CODE | |
| -- | English |
| 082 ## - DEWEY DECIMAL CLASSIFICATION NUMBER | |
| Classification number | 515.3 GHO |
| 100 ## - MAIN ENTRY--PERSONAL NAME | |
| Personal name | GHOSH, RAM KRISHNA. |
| 245 ## - TITLE STATEMENT | |
| Title | AN INTRODUCTION TO DIFFERENTIAL CALCULUS (Part-1) |
| 250 ## - EDITION STATEMENT | |
| Edition statement | REP. |
| 260 ## - PUBLICATION, DISTRIBUTION, ETC. | |
| Place of publication, distribution, etc. | GUWAHATI |
| Name of publisher, distributor, etc. | NEW CENTRAL BOOK AGENCY |
| Date of publication, distribution, etc. | 2013 |
| 300 ## - PHYSICAL DESCRIPTION | |
| Extent | 1265: |
| Dimensions | 20CM. |
| 700 ## - ADDED ENTRY--PERSONAL NAME | |
| Personal name | MAITY, KANTISH CHANDRA. |
| 700 ## - ADDED ENTRY--PERSONAL NAME | |
| Personal name | PAL, DR. KARTICK CHANDRA (Ed./-). |
| 942 ## - ADDED ENTRY ELEMENTS (KOHA) | |
| Koha item type | Books |
| 653 ## - INDEX TERM--UNCONTROLLED | |
| Uncontrolled term | Differential Calculus |
| Withdrawn status | Lost status | Damaged status | Not for loan | Collection code | Home library | Current library | Shelving location | Date acquired | Total Checkouts | Full call number | Barcode | Date last seen | Date last checked out | Copy number | Price effective from | Koha item type | Public note |
|---|---|---|---|---|---|---|---|---|---|---|---|---|---|---|---|---|---|
| TBMAT | Central Library and Information Centre Sibsagar Girls College | Central Library and Information Centre Sibsagar Girls College | MATHEMATICS BOOK RACK | 12.12.2013 | 1 | 515.3 GHO | 30317 | 06.11.2023 | 19.10.2023 | 1 | 27.02.2020 | Books | V | ||||
| TBMAT | Central Library and Information Centre Sibsagar Girls College | Central Library and Information Centre Sibsagar Girls College | MATHEMATICS BOOK RACK | 12.12.2013 | 1 | 515.3 GHO | 30318 | 17.11.2023 | 01.11.2023 | 2 | 27.02.2020 | Books | V | ||||
| TBPHY | Central Library and Information Centre Sibsagar Girls College | Central Library and Information Centre Sibsagar Girls College | PHYSICS BOOK RACK | 12.12.2013 | 1 | 515.3 GHO | 30319 | 25.04.2022 | 22.04.2022 | 3 | 27.02.2020 | Books | V |